Statistics for Schools with Most Heisman Winners

Click here to take the quiz!

General Stats

  • This quiz has been taken 69 times
  • The average score is 9 of 11

Answer Stats

# of WinnersSchools% Correct
4Alabama
95%
7USC
95%
3Michigan
90%
7Ohio State
89%
7Oklahoma
89%
3Florida
87%
3Florida State
80%
7Notre Dame
75%
3Auburn
59%
3Nebraska
56%
3Army
46%

Score Distribution

Percentile by Number Answered

Percent of People with Each Score

Your Score History

You have not taken this quiz